190 koleksi ubat-ubatan tradisonal

Bibliographic Details
Main Author: Sidang pengarang
Format: Book
Published: Selangor : Education Matters Sdn. Bhd , 2008
Subjects:

MARC

LEADER 00000cam a2200000 7i4500
001 0000003800
005 20110704.0
020 0 0 |a 9789833866441 
090 0 0 |a 615.321   |b KOL 
100 1 0 |a Sidang pengarang 
245 1 0 |a 190 koleksi ubat-ubatan tradisonal   |c Sidang pengarang 
260 0 0 |a Selangor :   |b Education Matters Sdn. Bhd ,   |c 2008 
300 |a vi.236 p ;   |c 20cm. 
650 0 0 |a Alternative medicine---Malaysia 
650 0 0 |a Tradisional medicine---Malaysia 
998 |a JPSM 
999 |a 007407   |b Monograph   |c Open Shelf   |e Default branch